Point Calimere Wildlife and Bird Sanctuary : a ramsar site (Record no. 604843)

MARC details
000 -LEADER
fixed length control field 00513nam a2200145Ia 4500
008 - FIXED-LENGTH DATA ELEMENTS--GENERAL INFORMATION
fixed length control field 100415s9999 xx 000 0 und d
082 ## - DEWEY DECIMAL CLASSIFICATION NUMBER
Item number 21961
Classification number 598.295482
100 ## - MAIN ENTRY--PERSONAL NAME
Personal name Baruah, A. D.
245 ## - TITLE STATEMENT
Title Point Calimere Wildlife and Bird Sanctuary : a ramsar site
260 ## - PUBLICATION, DISTRIBUTION, ETC. (IMPRINT)
Place of publication, distribution, etc TAMIL NADU
Date of publication, distribution, etc 2005
Name of publisher, distributor, etc Tamil Nadu Forest Department Publication
365 ## - TRADE PRICE
Price amount 0
630 ## - SUBJECT ADDED ENTRY--UNIFORM TITLE
Uniform title Point Calimere Wildlife and Bird Sanctuary : a ramsar site
730 ## - ADDED ENTRY--UNIFORM TITLE
Uniform title Point Calimere Wildlife and Bird Sanctuary : a ramsar site
942 ## - ADDED ENTRY ELEMENTS (KOHA)
Koha item type Book
Holdings
Withdrawn status Lost status Damaged status Not for loan Home library Current library Date acquired Cost, normal purchase price Total Checkouts Full call number Barcode Date last seen Price effective from Koha item type
        Bombay Natural History Society Bombay Natural History Society 03/12/2007 0.00   598.295482 21961 BNHS-21961 04/15/2010 04/15/2010 Book